[Event "ROM-ch blitz"]
[Site "Bucharest"]
[Date "2022.03.13"]
[Round "6"]
[White "Parligras, Mircea Emilian"]
[Black "Vasile, Claudiu Daniel"]
[Result "1-0"]
[WhiteElo "2510"]
[BlackElo "2136"]
[PlyCount "53"]
[EventDate "2022.03.13"]
[EventType "swiss (blitz)"]
[EventRounds "9"]
[EventCountry "ROU"]
[SourceTitle "EXT 2023"]
[Source "ChessBase"]
[SourceDate "2022.10.05"]
[SourceVersion "1"]
[SourceVersionDate "2022.10.05"]
[SourceQuality "1"]

1. d4 d5 2. c4 e6 3. Nf3 Nf6 4. Nc3 Be7 5. Bf4 0-0 6. a3 c5 7. dxc5 dxc4 8. e3 Bxc5 9. Bxc4 Nc6 10. 0-0 Qxd1 11. Rfxd1 Bd7 12. b4 Be7 13. Nb5 a5 14. Nc7 Rac8 15. b5 Nb8 16. b6 Bc5 17. Bd6 Bxd6 18. Rxd6 Bc6 19. Nxe6 fxe6 20. Bxe6+ Kh8 21. Bxc8 Rxc8 22. Ne5 Nfd7 23. Nxd7 Nxd7 24. Rad1 Nf6 25. Rd8+ Rxd8 26. Rxd8+ Ne8 27. Rc8 1-0

[Event "ROM-ch blitz"]
[Site "Bucharest"]
[Date "2022.03.13"]
[Round "7"]
[White "Vasile, Claudiu Daniel"]
[Black "Ciorica, Mihai Vlad"]
[Result "0-1"]
[WhiteElo "2136"]
[BlackElo "1854"]
[PlyCount "132"]
[EventDate "2022.03.13"]
[EventType "swiss (blitz)"]
[EventRounds "9"]
[EventCountry "ROU"]
[SourceTitle "EXT 2023"]
[Source "ChessBase"]
[SourceDate "2022.10.05"]
[SourceVersion "1"]
[SourceVersionDate "2022.10.05"]
[SourceQuality "1"]

1. e4 c5 2. Nf3 Nc6 3. d4 cxd4 4. Nxd4 g6 5. Nc3 Bg7 6. Be3 Nf6 7. Bc4 0-0 8. Bb3 d6 9. f3 Bd7 10. Qd2 Nxd4 11. Bxd4 b5 12. a3 a5 13. 0-0 a4 14. Ba2 Qa5 15. Rad1 Rfc8 16. Nd5 Nxd5 17. Bxg7 Qxd2 18. Rxd2 Ne3 19. Bd4 Nxf1 20. Kxf1 Be6 21. Bxe6 fxe6 22. c3 e5 23. Be3 Kf7 24. Ke2 Rc6 25. Bg5 Ra7 26. Bh4 e6 27. Bg5 Rd7 28. Bh4 d5 29. Bg3 Ke8 30. Bxe5 dxe4 31. fxe4 Rxd2+ 32. Kxd2 Rc4 33. Kd3 Kf7 34. Bd4 g5 35. Be5 Kg6 36. Bd4 g4 37. Ke3 Rc8 38. Be5 Rf8 39. Bf4 Rd8 40. Ke2 e5 41. Be3 Rc8 42. Kd3 Rd8+ 43. Ke2 h5 44. h3 gxh3 45. gxh3 Kf6 46. Bf2 Rg8 47. Kf3 Ke6 48. Be3 Rd8 49. Ke2 Rf8 50. Bg5 Rg8 51. h4 Rf8 52. Be3 Kd6 53. Bg5 Rf7 54. Be3 Rg7 55. Bg5 Kc5 56. Kd3 Rd7+ 57. Kc2 Rf7 58. Kd3 Rf3+ 59. Ke2 Rh3 60. Bf6 Rh2+ 61. Kd3 Kd6 62. c4 Rxb2 63. cxb5 Rxb5 64. Kc2 Rb3 65. Bg7 Ke6 66. Bf8 Rh3 0-1

[Event "ROM-ch blitz"]
[Site "Bucharest"]
[Date "2022.03.13"]
[Round "3"]
[White "Vasile, Claudiu Daniel"]
[Black "Deac, Bogdan Daniel"]
[Result "0-1"]
[WhiteElo "2136"]
[BlackElo "2646"]
[PlyCount "100"]
[EventDate "2022.03.13"]
[EventType "swiss (blitz)"]
[EventRounds "9"]
[EventCountry "ROU"]
[SourceTitle "EXT 2023"]
[Source "ChessBase"]
[SourceDate "2022.10.05"]
[SourceVersion "1"]
[SourceVersionDate "2022.10.05"]
[SourceQuality "1"]

1. e4 g6 2. d4 Bg7 3. Nc3 c6 4. Be3 d5 5. Qd2 dxe4 6. Nxe4 Bf5 7. Ng3 Be6 8. Nf3 Nf6 9. Ng5 Bd5 10. c4 h6 11. cxd5 hxg5 12. dxc6 Nxc6 13. Bb5 Qd5 14. Bxc6+ bxc6 15. 0-0 Ng4 16. h3 Nxe3 17. fxe3 e5 18. Rad1 exd4 19. exd4 0-0 20. Rf3 Rad8 21. Rd3 Qxa2 22. Ne4 Rb8 23. b3 Qxd2 24. R1xd2 Rb5 25. Ra2 Rd5 26. Rxa7 Bxd4+ 27. Rxd4 Rxd4 28. Nxg5 Rb4 29. Rc7 Rxb3 30. Rxc6 Rb5 31. h4 Rb4 32. Nf3 Re8 33. Kh2 Re2 34. h5 gxh5 35. Rh6 Rbb2 36. Nh4 Re5 37. Nf3 Rc5 38. Kh3 Kg7 39. Rd6 Rcc2 40. Nh4 Rc3+ 41. Kh2 Rb5 42. Ra6 Rc4 43. Kh3 Rb3+ 44. g3 Rb5 45. Rd6 Rg4 46. Ra6 Rc4 47. Rd6 Rg5 48. Rd3 Ra4 49. Rc3 Ra1 50. Rf3 Rh1+ 0-1

[Event "ROM-ch blitz"]
[Site "Bucharest"]
[Date "2022.03.13"]
[Round "5"]
[White "Vasile, Claudiu Daniel"]
[Black "Nastore, Pavel Alexandru"]
[Result "1-0"]
[WhiteElo "2136"]
[BlackElo "1763"]
[PlyCount "63"]
[EventDate "2022.03.13"]
[EventType "swiss (blitz)"]
[EventRounds "9"]
[EventCountry "ROU"]
[SourceTitle "EXT 2023"]
[Source "ChessBase"]
[SourceDate "2022.10.05"]
[SourceVersion "1"]
[SourceVersionDate "2022.10.05"]
[SourceQuality "1"]

1. e4 c5 2. Nf3 d6 3. d4 cxd4 4. Nxd4 Nf6 5. Nc3 a6 6. Be2 e5 7. Nb3 Be6 8. 0-0 Be7 9. f4 0-0 10. f5 Bd7 11. Be3 Bc6 12. Bf3 b5 13. g4 b4 14. Nd5 Nxd5 15. exd5 Bd7 16. Nd2 Bb5 17. Rf2 Bh4 18. Rg2 Bg5 19. Qe1 Bh4 20. Qd1 Bg5 21. Qe1 Bh4 22. Qd1 Bg5 23. Qe1 Bxe3+ 24. Qxe3 Nd7 25. Ne4 Qc7 26. f6 Nxf6 27. Nxf6+ gxf6 28. Qh6 Qc5+ 29. Kh1 Qd4 30. g5 f5 31. g6 e4 32. Qxh7# 1-0

[Event "ROM-chT2"]
[Site "Slanic Moldova"]
[Date "2017.10.02"]
[Round "3.5"]
[White "Culcear, Petru Gheorghe"]
[Black "Vasile, Claudiu Daniel"]
[Result "1/2-1/2"]
[WhiteElo "2163"]
[BlackElo "2215"]
[PlyCount "57"]
[EventDate "2017.09.30"]
[EventType "team-tourn"]
[EventRounds "9"]
[EventCountry "ROU"]
[SourceTitle "CBM 181 Extra"]
[Source "ChessBase"]
[SourceDate "2017.12.12"]
[SourceVersion "1"]
[SourceVersionDate "2017.12.12"]
[SourceQuality "1"]
[WhiteTeam "Marmatiei Sighetu"]
[BlackTeam "Otopeni"]
[WhiteTeamCountry "ROU"]
[BlackTeamCountry "ROU"]

1. c4 e6 2. Nc3 d5 3. d4 Nf6 4. Nf3 Be7 5. e3 0-0 6. Be2 b6 7. 0-0 Bb7 8. b3 Nbd7 9. cxd5 exd5 10. Bb2 Ne4 11. Rc1 Nxc3 12. Bxc3 Bd6 13. Bd3 Re8 14. Qc2 g6 15. Bb2 Rc8 16. Rfe1 Qe7 17. Qe2 a5 18. Bb5 c6 19. Bd3 f5 20. Rc2 Rc7 21. Rec1 f4 22. exf4 Qxe2 23. Rxe2 Rxe2 24. Bxe2 Bxf4 25. Rc2 Bd6 26. Bd3 Nf8 27. g3 Ne6 28. Re2 Bc8 29. Kg2 1/2-1/2

[Event "ROM-chT"]
[Site "Calimanesti Caciulata"]
[Date "2016.11.19"]
[Round "1.5"]
[White "Vasile, Claudiu Daniel"]
[Black "Ardelean, George Catalin"]
[Result "0-1"]
[WhiteElo "2231"]
[BlackElo "2490"]
[PlyCount "118"]
[EventDate "2016.11.19"]
[EventType "team-tourn"]
[EventRounds "9"]
[EventCountry "ROU"]
[SourceTitle "CBM 175 Extra"]
[Source "ChessBase"]
[SourceDate "2016.12.12"]
[SourceVersion "1"]
[SourceVersionDate "2016.12.12"]
[SourceQuality "1"]
[WhiteTeam "Otopeni"]
[BlackTeam "Timisoara Medicina"]
[WhiteTeamCountry "ROU"]
[BlackTeamCountry "ROU"]

1. e4 c5 2. Nf3 e6 3. b3 Nf6 4. e5 Nd5 5. Bb2 Nc6 6. c4 Nde7 7. Nc3 d6 8. exd6 Nf5 9. Nb5 Bxd6 10. g4 Nfd4 11. Nfxd4 cxd4 12. Nxd4 Qf6 13. Nb5 Qxb2 14. Nxd6+ Ke7 15. Nxc8+ Raxc8 16. Bg2 Qe5+ 17. Kf1 Rcd8 18. Bxc6 bxc6 19. Qe1 Qd4 20. Rd1 Qxg4 21. Rg1 Qd4 22. Qe3 g6 23. Rg3 Qxe3 24. fxe3 Rd3 25. Ke2 Rhd8 26. e4 Rxg3 27. hxg3 c5 28. Ke3 e5 29. g4 Rh8 30. Rb1 a5 31. a3 Rb8 32. Kd3 h5 33. gxh5 gxh5 34. Ke3 Rb6 35. d3 Rb8 36. Rh1 Rh8 37. Rb1 h4 38. Rh1 Kf6 39. Kf3 h3 40. Kg3 Kg5 41. Kh2 Rb8 42. Rf1 f6 43. b4 axb4 44. axb4 cxb4 45. c5 Rc8 46. Rb1 Rxc5 47. Rxb4 Kg4 48. d4 Rc2+ 49. Kh1 Rc1+ 50. Kh2 Rc2+ 51. Kh1 Rd2 52. dxe5 fxe5 53. Rb5 Kf4 54. Rb3 Kxe4 55. Rxh3 Rd3 56. Rh5 Rg3 57. Kh2 Rg8 58. Rh3 Kf4 59. Ra3 e4 0-1

[Event "Arad op 9th"]
[Site "Arad"]
[Date "2016.08.08"]
[Round "4"]
[White "Peptan, Corina Isabela"]
[Black "Vasile, Claudiu Daniel"]
[Result "1-0"]
[WhiteElo "2395"]
[BlackElo "2226"]
[PlyCount "75"]
[EventDate "2016.08.06"]
[EventType "swiss"]
[EventRounds "9"]
[EventCountry "ROU"]
[SourceTitle "CBM 173 Extra"]
[Source "ChessBase"]
[SourceDate "2016.08.29"]
[SourceVersion "1"]
[SourceVersionDate "2016.08.29"]
[SourceQuality "1"]

1. d4 d5 2. c4 e6 3. Nf3 Nf6 4. Nc3 Be7 5. Bf4 0-0 6. e3 c5 7. dxc5 dxc4 8. Bxc4 Qxd1+ 9. Rxd1 Bxc5 10. Ke2 Nbd7 11. Bd6 Bxd6 12. Rxd6 a6 13. a4 Nc5 14. Ne5 Nfe4 15. Nxe4 Nxe4 16. Rd4 Nc5 17. a5 f6 18. Nd3 Nxd3 19. Rxd3 Kf7 20. Rc1 Ke8 21. Rd6 Ke7 22. Rcd1 e5 23. e4 Re8 24. Bb3 Rb8 25. f3 h5 26. h4 Rf8 27. Ke3 Re8 28. R1d3 Rf8 29. g3 Bh3 30. Rb6 Rfd8 31. Bd5 Bc8 32. Rdb3 Rd6 33. f4 exf4+ 34. gxf4 f5 35. Rxd6 Kxd6 36. Rb6+ Kc7 37. e5 Bd7 38. Rg6 1-0

[Event "Cap Aurora op 20th"]
[Site "Cap Aurora"]
[Date "2016.07.02"]
[Round "9"]
[White "Turlea, Constantin"]
[Black "Vasile, Claudiu Daniel"]
[Result "1/2-1/2"]
[WhiteElo "2037"]
[BlackElo "2241"]
[PlyCount "66"]
[EventDate "2016.06.25"]
[EventType "swiss"]
[EventRounds "9"]
[EventCountry "ROU"]
[SourceTitle "CBM 173 Extra"]
[Source "ChessBase"]
[SourceDate "2016.08.29"]
[SourceVersion "1"]
[SourceVersionDate "2016.08.29"]
[SourceQuality "1"]

1. d4 d5 2. c4 e6 3. Nc3 Nf6 4. cxd5 exd5 5. Bg5 Be7 6. e3 0-0 7. Bd3 h6 8. Bh4 b6 9. Nge2 Bb7 10. 0-0 Nbd7 11. Qc2 c5 12. Rad1 c4 13. Bf5 Ne8 14. Bg3 Nd6 15. Bxd6 Bxd6 16. f3 Qe7 17. e4 g6 18. Bh3 Rad8 19. e5 Nxe5 20. dxe5 Qxe5 21. Ng3 Bc5+ 22. Kh1 Rfe8 23. b3 d4 24. Nce4 c3 25. Nxc5 bxc5 26. Ne4 Ba6 27. Rg1 f5 28. Nf2 Qe2 29. Bxf5 gxf5 30. Qxf5 Qe6 31. Qxc5 Rd5 32. Qc7 Qd6 33. Qxa7 Rh5 1/2-1/2

[Event "ROM-chT2"]
[Site "Mamaia"]
[Date "2015.10.05"]
[Round "3.2"]
[White "Vasile, Claudiu Daniel"]
[Black "Luncasu, Raul Ionut"]
[Result "1-0"]
[WhiteElo "2254"]
[BlackElo "2156"]
[PlyCount "109"]
[EventDate "2015.10.03"]
[EventType "team-tourn"]
[EventRounds "9"]
[EventCountry "ROU"]
[SourceTitle "CBM 169 Extra"]
[Source "ChessBase"]
[SourceDate "2015.12.18"]
[SourceVersion "1"]
[SourceVersionDate "2015.12.18"]
[SourceQuality "1"]
[WhiteTeam "Otopeni"]
[BlackTeam "Buzau Pheonix"]
[WhiteTeamCountry "ROU"]
[BlackTeamCountry "ROU"]

1. e4 c5 2. Nf3 d6 3. d4 cxd4 4. Nxd4 Nf6 5. Nc3 g6 6. Be3 Bg7 7. f3 Nc6 8. Qd2 0-0 9. Bc4 Bd7 10. 0-0-0 Ne5 11. Bb3 Qa5 12. h4 Rfc8 13. Kb1 Nc4 14. Bxc4 Rxc4 15. Nb3 Qd8 16. Bd4 Rac8 17. h5 b5 18. hxg6 hxg6 19. e5 dxe5 20. Bxe5 b4 21. Bxf6 exf6 22. Nb5 Rxc2 23. Qxd7 Qxd7 24. Rxd7 Rxg2 25. Rhd1 a6 26. Rd8+ Rxd8 27. Rxd8+ Kh7 28. Nc7 a5 29. Nxa5 f5 30. Nc4 g5 31. Rd2 Rg3 32. Rf2 Bd4 33. Rf1 Rg2 34. Nd5 Bc5 35. Nde3 Re2 36. Nxf5 Kg6 37. Ng3 Rg2 38. Ne4 Bd4 39. Rd1 Bg7 40. Rd2 Rg1+ 41. Kc2 f5 42. Nf2 Rg3 43. Rd6+ Kh5 44. Nd2 Rg2 45. Nd3 Bh6 46. Rd4 g4 47. fxg4+ fxg4 48. Nf4+ Bxf4 49. Rxf4 b3+ 50. axb3 g3 51. Rf8 Rh2 52. Rg8 Rg2 53. Kc3 Rg1 54. Ne4 Rg2 55. Nd2 1-0

[Event "Vienna op"]
[Site "Vienna"]
[Date "2015.08.20"]
[Round "6"]
[White "Vasile, Claudiu Daniel"]
[Black "Schwarhofer, Christopher"]
[Result "1-0"]
[WhiteElo "2237"]
[BlackElo "2391"]
[PlyCount "99"]
[EventDate "2015.08.15"]
[EventType "swiss"]
[EventRounds "9"]
[EventCountry "AUT"]
[SourceTitle "EXT 2016"]
[Source "ChessBase"]
[SourceDate "2015.10.08"]
[SourceVersion "1"]
[SourceVersionDate "2015.10.08"]
[SourceQuality "1"]

1. e4 e6 2. d4 d5 3. Nc3 Bb4 4. e5 c5 5. a3 Bxc3+ 6. bxc3 Ne7 7. Qg4 Qc7 8. Qxg7 Rg8 9. Qxh7 cxd4 10. Ne2 Nbc6 11. f4 dxc3 12. Qd3 d4 13. Ng3 Bd7 14. Ne4 0-0-0 15. Nd6+ Kb8 16. Rb1 Bc8 17. Nxf7 Rd5 18. g3 Ng6 19. Nh6 Ngxe5 20. fxe5 Nxe5 21. Qe4 d3 22. Bf4 Rf8 23. Bxd3 Rxf4 24. gxf4 Nxd3+ 25. cxd3 Qg7 26. Rc1 Qxh6 27. Rxc3 Qh4+ 28. Ke2 Bd7 29. Rg1 Qxh2+ 30. Rg2 Qh5+ 31. Kd2 b6 32. Qc4 Rc5 33. Qb4 Rd5 34. Rg7 Qh2+ 35. Kc1 Qh8 36. Rg5 Qh1+ 37. Kb2 Qh2+ 38. Kb1 Qh1+ 39. Rc1 Qf3 40. Rxd5 Qxd5 41. Qc4 Qd6 42. Kb2 Kb7 43. Rg1 b5 44. Qe4+ Bc6 45. Rg7+ Ka6 46. Qe3 Bb7 47. Rg6 Bd5 48. Qe5 Qb6 49. Qxd5 exd5 50. f5 1-0

[Event "ROM-ch U20"]
[Site "Calimanesti"]
[Date "2014.04.09"]
[Round "4"]
[White "Pop, Alexandru"]
[Black "Vasile, Claudiu Daniel"]
[Result "1-0"]
[WhiteElo "2286"]
[BlackElo "2233"]
[PlyCount "53"]
[EventDate "2014.04.06"]
[EventType "tourn"]
[EventRounds "9"]
[EventCountry "ROU"]
[SourceTitle "CBM 160 Extra"]
[Source "ChessBase"]
[SourceDate "2014.07.01"]
[SourceVersion "1"]
[SourceVersionDate "2014.07.01"]
[SourceQuality "1"]

1. Nf3 Nf6 2. c4 e6 3. g3 d5 4. Bg2 Be7 5. 0-0 0-0 6. b3 c5 7. Bb2 Nc6 8. e3 a6 9. Qe2 b5 10. d4 cxd4 11. cxd5 Nxd5 12. Nxd4 Bb7 13. Nxc6 Bxc6 14. Rc1 Rc8 15. Nd2 Ba8 16. Rxc8 Qxc8 17. Rc1 Qd7 18. Ne4 f5 19. Nc5 Qc6 20. Qc2 Rc8 21. Bd4 e5 22. Qxf5 exd4 23. Bxd5+ Qxd5 24. Qxc8+ Kf7 25. e4 Qg5 26. f4 Qh5 27. Qxa8 1-0

[Event "EU-ch U18 23rd"]
[Site "Budva"]
[Date "2013.10.03"]
[Round "5"]
[White "Vasile, Claudiu Daniel"]
[Black "Zajic, Milun"]
[Result "1-0"]
[WhiteElo "2202"]
[BlackElo "1931"]
[PlyCount "63"]
[EventDate "2013.09.29"]
[EventType "swiss"]
[EventRounds "9"]
[EventCountry "MNE"]
[SourceTitle "CBM 156 Extra"]
[Source "ChessBase"]
[SourceDate "2013.10.22"]
[SourceVersion "1"]
[SourceVersionDate "2013.10.22"]
[SourceQuality "1"]

1. e4 d5 2. exd5 Qxd5 3. Nc3 Qd6 4. d4 Nf6 5. Nf3 c6 6. Ne5 Nbd7 7. Nc4 Qc7 8. Qf3 Nb6 9. Bf4 Qd7 10. Nxb6 axb6 11. 0-0-0 Qg4 12. Qe3 Qf5 13. Bd3 Qa5 14. Bc4 b5 15. Bb3 b4 16. Ne4 Nd5 17. Nd6+ Kd7 18. Qh3+ Kc7 19. Nxf7+ Nxf4 20. Qf3 g5 21. Nxh8 Bh6 22. g4 Bxg4 23. Qxg4 Rxh8 24. Rhe1 Ng6 25. Kb1 Bg7 26. d5 c5 27. Qxg5 Rd8 28. Rxe7+ Nxe7 29. Qxe7+ Rd7 30. d6+ Kc8 31. Be6 Qd8 32. Qxg7 1-0

[Event "EU-ch U18 23rd"]
[Site "Budva"]
[Date "2013.10.01"]
[Round "3"]
[White "Vasile, Claudiu Daniel"]
[Black "Baglan, Esat"]
[Result "0-1"]
[WhiteElo "2202"]
[BlackElo "2024"]
[PlyCount "136"]
[EventDate "2013.09.29"]
[EventType "swiss"]
[EventRounds "9"]
[EventCountry "MNE"]
[SourceTitle "CBM 156 Extra"]
[Source "ChessBase"]
[SourceDate "2013.10.22"]
[SourceVersion "1"]
[SourceVersionDate "2013.10.22"]
[SourceQuality "1"]

1. e4 c5 2. Nf3 d6 3. d4 cxd4 4. Nxd4 Nf6 5. Nc3 a6 6. Bg5 e6 7. f4 Be7 8. Qf3 Nbd7 9. 0-0-0 Qc7 10. g4 b5 11. Bxf6 Bxf6 12. g5 Be7 13. f5 Nc5 14. f6 gxf6 15. gxf6 Bf8 16. Rg1 Bb7 17. Rg7 0-0-0 18. b4 Bxg7 19. fxg7 Rhg8 20. bxc5 dxc5 21. Nb3 Rxd1+ 22. Nxd1 Rxg7 23. Qe3 c4 24. Nc5 Qe5 25. a4 Rg8 26. Kb1 Rd8 27. Be2 Rd4 28. c3 Rd6 29. Nf2 h5 30. Kc2 Rc6 31. Nxb7 Kxb7 32. Qg3 Qxg3 33. hxg3 bxa4 34. Nd1 a3 35. Kb1 Rc5 36. Ka2 Re5 37. Kxa3 Kb6 38. Bf3 Rc5 39. Nf2 Rg5 40. e5 Rxe5 41. Ne4 Kb5 42. Nd6+ Kc5 43. Ne4+ Kb6 44. Kb4 Rb5+ 45. Kxc4 a5 46. Nd6 Rb1 47. Kd3 a4 48. Kc2 Rf1 49. Bxh5 Rf2+ 50. Kb1 f5 51. g4 Kc5 52. gxf5 Kxd6 53. fxe6 Kxe6 54. c4 Kd6 55. c5+ Kxc5 56. Bg4 Rf6 57. Ka2 Kb4 58. Bh3 Rh6 59. Bf5 a3 60. Bb1 Rh2+ 61. Ka1 Kb3 62. Bf5 Re2 63. Bd3 Rd2 64. Bg6 Rf2 65. Bh7 a2 66. Bd3 Rd2 67. Be2 Ka3 68. Bf3 Rc2 0-1

[Event "ROM-chT"]
[Site "Mamaia"]
[Date "2013.09.07"]
[Round "8.5"]
[White "Raceanu, Valentin"]
[Black "Vasile, Claudiu Daniel"]
[Result "1/2-1/2"]
[WhiteElo "2424"]
[BlackElo "2171"]
[PlyCount "149"]
[EventDate "2013.08.31"]
[EventType "team-tourn"]
[EventRounds "9"]
[EventCountry "ROU"]
[SourceTitle "CBM 156 Extra"]
[Source "ChessBase"]
[SourceDate "2013.10.22"]
[SourceVersion "1"]
[SourceVersionDate "2013.10.22"]
[SourceQuality "1"]
[WhiteTeam "Techirghiol Victoria"]
[BlackTeam "Otopeni"]
[WhiteTeamCountry "ROU"]
[BlackTeamCountry "ROU"]

1. d4 d5 2. Nf3 Nf6 3. c4 e6 4. Nc3 Be7 5. cxd5 exd5 6. Bg5 Nbd7 7. e3 0-0 8. Bd3 c6 9. Qc2 Re8 10. 0-0 Nf8 11. h3 Ne4 12. Bf4 Nxc3 13. bxc3 Bd6 14. Bxd6 Qxd6 15. Rab1 b5 16. a4 a6 17. Ra1 Bd7 18. Ne5 g6 19. Ra2 f6 20. Nf3 c5 21. dxc5 Qxc5 22. axb5 axb5 23. Rb1 Ne6 24. Rxa8 Rxa8 25. Nd4 Nc7 26. Qb2 Kg7 27. Qb4 Qxb4 28. cxb4 Ra4 29. Rc1 Ne6 30. Bxb5 Bxb5 31. Nxe6+ Kf7 32. Nd4 Rxb4 33. Rc7+ Kg8 34. Rb7 Rb1+ 35. Kh2 Bd3 36. Rd7 Bc4 37. Ne6 Rb6 38. Nc7 Rb7 39. Nxd5 Bxd5 40. Rxd5 h5 41. Kg3 Kf7 42. e4 Rb4 43. f3 Rb7 44. h4 Ra7 45. Kf4 Ra2 46. g3 Rg2 47. Rd7+ Kg8 48. g4 hxg4 49. fxg4 Rf2+ 50. Kg3 Re2 51. Kf3 Rh2 52. g5 fxg5 53. hxg5 Rh4 54. Rc7 Kf8 55. Rb7 Kg8 56. Re7 Kf8 57. Rc7 Kg8 58. Rc4 Kf7 59. Kg3 Rh1 60. Kf4 Rg1 61. Rc7+ Ke6 62. Rg7 Rf1+ 63. Ke3 Re1+ 64. Kf3 Rf1+ 65. Ke2 Rg1 66. Rxg6+ Ke5 67. Kf2 Rg4 68. Kf3 Rf4+ 69. Kg3 Rxe4 70. Rf6 Rd4 71. Rf1 Ke6 72. g6 Ke7 73. Rf5 Rd6 74. Rg5 Kf8 75. Kg4 1/2-1/2

[Event "Arad op"]
[Site "Arad"]
[Date "2013.08.08"]
[Round "8"]
[White "Szalai, Kornel"]
[Black "Vasile, Claudiu Daniel"]
[Result "1-0"]
[WhiteElo "2419"]
[BlackElo "2171"]
[PlyCount "103"]
[EventDate "2013.08.03"]
[EventType "swiss"]
[EventRounds "9"]
[EventCountry "ROU"]
[SourceTitle "CBM 155 Extra"]
[Source "ChessBase"]
[SourceDate "2013.08.26"]
[SourceVersion "1"]
[SourceVersionDate "2013.08.26"]
[SourceQuality "1"]

1. Nf3 Nf6 2. g3 d5 3. Bg2 e6 4. 0-0 Be7 5. d3 0-0 6. Nbd2 Nc6 7. c3 e5 8. Qc2 Bf5 9. e4 dxe4 10. dxe4 Bg6 11. Nh4 Qd7 12. Nxg6 hxg6 13. Nc4 Rad8 14. Ne3 Bc5 15. Rd1 Qc8 16. Nd5 Ne7 17. Be3 Bd6 18. Nxf6+ gxf6 19. Rd2 Nc6 20. Rad1 Be7 21. Rd5 b6 22. Bf1 Nb8 23. Qa4 a5 24. a3 Kg7 25. b4 axb4 26. cxb4 Rxd5 27. Rxd5 c6 28. Rd2 b5 29. Qa7 Qe6 30. Qc7 Rc8 31. Qb7 Re8 32. Be2 Kf8 33. Ba7 Qc8 34. Qxc8 Rxc8 35. Bg4 Re8 36. Rc2 Rd8 37. Kf1 Bd6 38. Bxb8 Rxb8 39. Rxc6 Ke7 40. Ra6 g5 41. Ra7+ Ke8 42. Ke2 Be7 43. Bd7+ Kf8 44. Bc6 Bd8 45. Bd5 Rc8 46. Kd2 Rc7 47. Rxc7 Bxc7 48. Bc6 Bb6 49. Bxb5 Bxf2 50. Ke2 Bd4 51. Bd7 Ke7 52. Bf5 1-0

[Event "Arad op"]
[Site "Arad"]
[Date "2013.08.06"]
[Round "6"]
[White "Anton, Teodor"]
[Black "Vasile, Claudiu Daniel"]
[Result "0-1"]
[WhiteElo "2442"]
[BlackElo "2171"]
[PlyCount "82"]
[EventDate "2013.08.03"]
[EventType "swiss"]
[EventRounds "9"]
[EventCountry "ROU"]
[SourceTitle "CBM 155 Extra"]
[Source "ChessBase"]
[SourceDate "2013.08.26"]
[SourceVersion "1"]
[SourceVersionDate "2013.08.26"]
[SourceQuality "1"]

1. d4 d5 2. c4 e6 3. Nf3 Nf6 4. g3 Be7 5. Bg2 0-0 6. 0-0 Nbd7 7. b3 Ne4 8. Bb2 c6 9. Nbd2 f5 10. Qc2 Bd6 11. Rad1 Nxd2 12. Nxd2 Nf6 13. Qd3 Ne4 14. Nf3 Bd7 15. Ne5 Be8 16. a3 a5 17. Qc2 Qe7 18. f3 Nf6 19. Nd3 g5 20. c5 Bc7 21. Qc1 h6 22. Qe3 Nh5 23. Bh3 Rf6 24. Ne5 f4 25. Qf2 Bg6 26. e3 fxg3 27. hxg3 Raf8 28. Bg4 Ng7 29. Qh2 h5 30. Nxg6 Rxg6 31. Bxh5 Rh6 32. Bf7+ Kh7 33. Qc2+ Nf5 34. g4 Kg7 35. gxf5 Rfh8 36. Qg2 Rh2 37. Qg4 R8h4 38. Bxe6 Rxb2 39. f6+ Qxf6 40. Qf5 Qxf5 41. Bxf5 Bh2+ 0-1

[Event "Arad op"]
[Site "Arad"]
[Date "2013.08.04"]
[Round "3"]
[White "Vasile, Claudiu Daniel"]
[Black "Georgescu, Tiberiu Marian"]
[Result "0-1"]
[WhiteElo "2171"]
[BlackElo "2419"]
[PlyCount "132"]
[EventDate "2013.08.03"]
[EventType "swiss"]
[EventRounds "9"]
[EventCountry "ROU"]
[SourceTitle "CBM 155 Extra"]
[Source "ChessBase"]
[SourceDate "2013.08.26"]
[SourceVersion "1"]
[SourceVersionDate "2013.08.26"]
[SourceQuality "1"]

1. e4 e5 2. Nf3 Nc6 3. Bb5 a6 4. Ba4 Nf6 5. 0-0 Be7 6. Re1 b5 7. Bb3 d6 8. c3 0-0 9. h3 Nb8 10. d4 Nbd7 11. Nbd2 Bb7 12. Bc2 Re8 13. Nf1 Bf8 14. Ng3 g6 15. a4 Bg7 16. Bg5 h6 17. Bd2 c6 18. Be3 Qc7 19. Qd2 Kh7 20. Rad1 Rad8 21. dxe5 Nxe5 22. Nxe5 dxe5 23. Qe2 Nd7 24. Bb3 Nf8 25. Qf3 Rxd1 26. Rxd1 Ne6 27. h4 h5 28. Bg5 Bc8 29. Bxe6 Bxe6 30. Qd3 f6 31. Be3 Bf8 32. axb5 cxb5 33. Bc1 Qf7 34. Qe3 Bb3 35. Rd3 Bc4 36. Rd1 Kg8 37. Qb6 Qe6 38. Qc7 Re7 39. Qb8 Re8 40. Qc7 Qc8 41. Qb6 Re6 42. Qd8 Qxd8 43. Rxd8 Rd6 44. Rxd6 Bxd6 45. Nf1 Kf7 46. Be3 Ke6 47. Nd2 Bd3 48. f3 Bc2 49. Ba7 f5 50. exf5+ gxf5 51. Nf1 Be7 52. Bf2 Bd3 53. Ne3 f4 54. Nf1 Kd5 55. Nd2 a5 56. g3 a4 57. Kg2 a3 58. bxa3 Bxa3 59. Be1 Bc2 60. gxf4 exf4 61. Nf1 Kc4 62. Bd2 Bd6 63. Kf2 Kd3 64. Ke1 Be5 65. Kf2 Bd1 66. Kg2 Be2 0-1

[Event "Cap Aurora op"]
[Site "Cap Aurora"]
[Date "2013.06.24"]
[Round "3"]
[White "Vasile, Claudiu Daniel"]
[Black "Cosma, Elena Luminita"]
[Result "1-0"]
[WhiteElo "2160"]
[BlackElo "2329"]
[PlyCount "79"]
[EventDate "2013.06.22"]
[EventType "swiss"]
[EventRounds "9"]
[EventCountry "ROU"]
[SourceTitle "CBM 155 Extra"]
[Source "ChessBase"]
[SourceDate "2013.08.26"]
[SourceVersion "1"]
[SourceVersionDate "2013.08.26"]
[SourceQuality "1"]

1. e4 e6 2. d4 d5 3. Nc3 h6 4. f4 dxe4 5. Nxe4 Nd7 6. Nf3 Ngf6 7. Nxf6+ Nxf6 8. Be3 a6 9. c3 Nd5 10. Qd2 Bd6 11. Bd3 Qe7 12. 0-0 c5 13. Ne5 Nxe3 14. Qxe3 cxd4 15. cxd4 Bxe5 16. fxe5 Bd7 17. Be4 Rd8 18. Rf4 Bb5 19. a4 Bc4 20. b3 Bd5 21. Raf1 0-0 22. Bc2 Qg5 23. R1f2 Rc8 24. h4 Qh5 25. Qd3 Qg6 26. Qxg6 fxg6 27. Rxf8+ Rxf8 28. Rxf8+ Kxf8 29. b4 g5 30. hxg5 hxg5 31. Kf2 Ke7 32. g3 Kd7 33. Ke3 Kc7 34. Be4 Bb3 35. a5 Ba4 36. d5 Bd7 37. d6+ Kb8 38. Kf3 Ka7 39. Kg4 b6 40. Kxg5 1-0

[Event "ROM-ch U18"]
[Site "Calimanesti"]
[Date "2013.04.05"]
[Round "5"]
[White "Chiru, Alexandru"]
[Black "Vasile, Claudiu Daniel"]
[Result "0-1"]
[WhiteElo "1876"]
[BlackElo "2139"]
[PlyCount "74"]
[EventDate "2013.04.02"]
[EventType "swiss"]
[EventRounds "9"]
[EventCountry "ROU"]
[SourceTitle "CBM 153 Extra"]
[Source "ChessBase"]
[SourceDate "2013.04.22"]
[SourceVersion "1"]
[SourceVersionDate "2013.04.22"]
[SourceQuality "1"]

1. c4 e6 2. Nc3 d5 3. cxd5 exd5 4. d4 Nf6 5. Nf3 Be7 6. Bg5 Nbd7 7. e3 0-0 8. Bd3 c6 9. 0-0 Re8 10. Qc2 Nf8 11. h3 Ne4 12. Bf4 Ng5 13. Bxg5 Bxg5 14. Bf5 Bf6 15. Rac1 Be6 16. b4 Rc8 17. Qd3 Qd6 18. Rb1 b5 19. Rfc1 Bxf5 20. Qxf5 Nd7 21. a4 a6 22. a5 Qe6 23. Qd3 Be7 24. Ne2 Bd6 25. Rc2 Qe7 26. Qd2 f5 27. Nc1 g5 28. Nd3 g4 29. hxg4 fxg4 30. Nfe1 g3 31. f4 Qxe3+ 32. Qxe3 Rxe3 33. Ne5 Nxe5 34. fxe5 Bxb4 35. Nf3 Bc3 36. Rbc1 b4 37. Rxc3 Rxc3 0-1